[Event "ROU-chT 1st League 2019"]
[Site "Mamaia"]
[Date "2019.09.21"]
[Round "1.9"]
[White "Ciorgovean, Iustin"]
[Black "Svetushkin, Dmitry"]
[Result "0-1"]
[WhiteElo "2331"]
[BlackElo "2534"]
[Annotator "ChessBase"]
[PlyCount "96"]
[EventDate "2019.09.21"]
[EventType "team-tourn"]
[EventCountry "ROU"]
[SourceTitle "playchess.com"]
[Source "ChessBase"]
[SourceQuality "1"]
[TimeControl "40/5400+30:1800+30"]

1. d4 {[%emt 0:00:00]} d5 2. c4 c6 {[%emt 0:00:03]} 3. Nf3 {[%emt 0:00:00]} Nf6 {[%emt 0:00:11]} 4. Nc3 {[%emt 0:00:18]} a6 {[%emt 0:00:26]} 5. c5 {[%emt 0:00:05]} g6 {[%emt 0:00:30]} 6. h3 {[%emt 0:01:44]} Bg7 {[%emt 0:02:09]} 7. Bf4 {[%emt 0:00:19]} Bf5 {[%emt 0:01:18]} 8. Qb3 {[%emt 0:08:09]} Qc8 {[%emt 0:01:19]} 9. e3 {[%emt 0:01:21]} Nbd7 {[%emt 0:00:56]} 10. Be2 {[%emt 0:18:41]} Be4 {[%emt 0:00:50]} 11. O-O {[%emt 0:01:05]} Bxf3 {[%emt 0:00:17]} 12. Bxf3 {[%emt 0:00:04]} O-O {[%emt 0:06:46]} 13. Rfd1 {[%emt 0:04:51]} Re8 {[%emt 0:22:58]} 14. Na4 {[%emt 0:11:33]} Ra7 {[%emt 0:04:51]} 15. Qc3 {[%emt 0:04:03]} h6 {[%emt 0:02:10]} 16. h4 {[%emt 0:15:06]} h5 {[%emt 0:05:56]} 17. Rac1 {[%emt 0:04:32]} Kh7 {[%emt 0:06:18]} 18. b4 {[%emt 0:04:27]} Bh6 {[%emt 0:06:58]} 19. Nb2 {[%emt 0:03:42]} Ng4 {[%emt 0:05:41]} 20. Nd3 {[%emt 0:03:45]} f5 {[%emt 0:01:15]} 21. a4 {[%emt 0:01:58]} Bg7 {[%emt 0:00:31]} 22. b5 {[%emt 0:08:12]} axb5 {[%emt 0:00:44]} 23. axb5 {[%emt 0:00:04]} e5 {[%emt 0:00:18]} 24. dxe5 {[%emt 0:00:23]} Ndxe5 {[%emt 0:05:34]} 25. Nxe5 {[%emt 0:00:21]} Nxe5 {[%emt 0:00:30]} 26. Bxe5 {[%emt 0:00:17]} Bxe5 {[%emt 0:00:19]} 27. Qb4 {[%emt 0:01:07]} Qe6 {[%emt 0:00:36]} 28. Rc2 {[%emt 0:03:27]} Rea8 {[%emt 0:02:29]} 29. g3 {[%emt 0:01:25]} Ra3 {[%emt 0:06:44]} 30. Kg2 {[%emt 0:01:37]} R8a4 {[%emt 0:00:51]} 31. Qd2 {[%emt 0:00:32]} Bg7 {[%emt 0:03:50]} 32. bxc6 {[%emt 0:01:13]} bxc6 {[%emt 0:00:05]} 33. Rb1 {[%emt 0:00:10]} d4 {[%emt 0:03:43]} 34. Re1 {[%emt 0:00:59]} d3 {[%emt 0:01:14]} 35. Rcc1 {[%emt 0:00:07]} Be5 {[%emt 0:03:40]} 36. Red1 {[%emt 0:00:42]} Qf6 {[%emt 0:03:25]} 37. Rb1 {[%emt 0:00:37]} Bxg3 {[%emt 0:00:26]} 38. Rb7+ {[%emt 0:00:32]} Kh6 {[%emt 0:00:07]} 39. Kxg3 {[%emt 0:01:12]} Ra2 {[%emt 0:00:57]} 40. Qe1 {[%emt 0:00:00]} Qxh4+ {[%emt 0:00:00]} 41. Kg2 {[%emt 0:01:26]} Rg4+ {[%emt 0:04:51]} 42. Bxg4 {[%emt 0:00:26]} Qxg4+ {[%emt 0:00:07]} 43. Kh2 {[%emt 0:12:34]} Qf3 {[%emt 0:03:47]} 44. Qd2 {[%emt 0:06:48]} Rxd2 {[%emt 0:02:19]} 45. Rxd2 {[%emt 0:00:04]} h4 {[%emt 0:00:53]} 46. Rb4 {[%emt 0:02:12]} g5 {[%emt 0:00:15]} 47. Rb1 {[%emt 0:00:13]} g4 {[%emt 0:00:52]} 48. Rg1 {[%emt 0:00:16]} Qh3# 0-1

[Event "ROU-chT 1st League 2019"]
[Site "Mamaia"]
[Date "2019.09.21"]
[Round "1.10"]
[White "Iordachescu, Viorel"]
[Black "Barzanu, Iulian"]
[Result "1-0"]
[WhiteElo "2602"]
[BlackElo "2187"]
[Annotator "TA"]
[PlyCount "35"]
[EventDate "2019.09.21"]
[EventType "team-tourn"]
[EventCountry "ROU"]
[SourceTitle "playchess.com"]
[Source "ChessBase"]
[SourceQuality "1"]

{[%evp 15,35,10,22,19,35,46,60,60,75,97,212,181,139,142,228,187,195,188,578,597,691,685]} 1. e4 c5 2. Nf3 e6 3. c3 Nf6 4. e5 Nd5 5. d4 cxd4 6. cxd4 Be7 7. Nc3 Nxc3 8. bxc3 d6 9. exd6 {B22: Sicilian: 2 c3} (9. Bd3 dxe5 10. Nxe5 Nd7 11. Bf4 O-O 12. O-O Nxe5 13. Bxe5 Bd6 14. Qe2 Bxe5 15. Qxe5 g6 16. Be4 f6 17. Qg3 Kg7 18. h4 Rf7 19. h5 f5 20. hxg6 hxg6 21. Qe5+ Qf6 22. Qxf6+ Kxf6 23. Bf3 Rc7 24. Rab1 Rb8 25. Rbc1 Ra8 {½-½ (25) Miezis,N (2548)-Aleksandrov,A (2569) Jurmala 2014}) 9... Qxd6 10. Bd3 Qc7 11. O-O {White is slightly better.} Nc6 12. Re1 b6 (12... O-O $16) 13. Ng5 $146 ({Predecessor:} 13. Bg5 Bb7 14. d5 exd5 15. Bxe7 Nxe7 16. Qa4+ Kf8 17. Qh4 a6 18. Re3 Nc6 19. Rae1 h6 20. Qh5 Rd8 21. Ng5 Bc8 22. Nxf7 {1-0 (22) Pina,U (2201)-Nunes,S (2058) Foz do Iguacu 2017}) 13... Bxg5 14. Bxg5 {Threatens to win with d5.} Ne7 (14... f6 $16) 15. Qh5 Bd7 16. c4 {aiming for d5.} b5 $2 (16... Kf8 {is a better chance.} 17. Qf3 Re8) 17. d5 $18 {[#] Black must now prevent dxe6.} g6 18. Qf3 {Accuracy: White = 100%, Black = 21%.} 1-0

[Event "ROU-chT 1st League 2019"]
[Site "Mamaia"]
[Date "2019.09.21"]
[Round "1.11"]
[White "Prodileanu, Adrian"]
[Black "Nevednichy, Vladislav"]
[Result "0-1"]
[WhiteElo "2236"]
[BlackElo "2522"]
[Annotator "ChessBase"]
[PlyCount "165"]
[EventDate "2019.09.21"]
[EventType "team-tourn"]
[EventCountry "ROU"]
[SourceTitle "playchess.com"]
[Source "ChessBase"]
[SourceQuality "1"]
[TimeControl "40/5400+30:1800+30"]

1. c4 {[%emt 0:00:00]} e6 {[%emt 0:00:00]} 2. g3 {[%emt 0:00:00]} d5 {[%emt 0:00:00]} 3. Bg2 {[%emt 0:00:14]} dxc4 {[%emt 0:00:00]} 4. Qa4+ {[%emt 0:00:26]} Qd7 {[%emt 0:00:00]} 5. Qxc4 {[%emt 0:00:38]} c5 {[%emt 0:00:00]} 6. Nf3 {[%emt 0:04:17]} Nc6 {[%emt 0:00:01]} 7. O-O {[%emt 0:00:41]} Nf6 {[%emt 0:00:20]} 8. b3 {[%emt 0:02:43]} b6 {[%emt 0:01:38]} 9. Bb2 {[%emt 0:16:08]} Bb7 {[%emt 0:00:15]} 10. d4 {[%emt 0:01:26]} Rc8 {[%emt 0:07:32]} 11. dxc5 {[%emt 0:14:51]} Bxc5 {[%emt 0:00:11]} 12. Nc3 {[%emt 0:00:56]} O-O {[%emt 0:03:10]} 13. Rad1 {[%emt 0:11:56]} Qe7 {[%emt 0:02:00]} 14. Ne4 {[%emt 0:02:47]} Nxe4 {[%emt 0:01:44]} 15. Qxe4 {[%emt 0:00:06]} Nd4 {[%emt 0:04:37]} 16. Qd3 {[%emt 0:06:08]} Nxf3+ {[%emt 0:09:23]} 17. Bxf3 {[%emt 0:01:15]} Rfd8 {[%emt 0:00:04]} 18. Qb1 {[%emt 0:00:19]} f6 {[%emt 0:05:26]} 19. Rxd8+ {[%emt 0:11:29]} Rxd8 {[%emt 0:00:01]} 20. Rd1 {[%emt 0:00:24]} Bxf3 {[%emt 0:01:12]} 21. exf3 {[%emt 0:00:41]} b5 {[%emt 0:01:39]} 22. Rd3 {[%emt 0:09:45]} Rd5 {[%emt 0:00:46]} 23. Qd1 {[%emt 0:01:24]} Qd6 {[%emt 0:01:48]} 24. Rxd5 {[%emt 0:00:21]} exd5 {[%emt 0:00:30]} 25. Qd3 {[%emt 0:02:46]} a6 {[%emt 0:02:00]} 26. Kf1 {[%emt 0:03:53]} Qe6 {[%emt 0:01:06]} 27. h4 {[%emt 0:01:23]} Be7 {[%emt 0:02:53]} 28. Bd4 {[%emt 0:01:33]} g6 {[%emt 0:01:18]} 29. Qe3 {[%emt 0:02:01]} Kf7 {[%emt 0:01:53]} 30. Qh6 {[%emt 0:01:49]} Kg8 {[%emt 0:00:15]} 31. Qe3 {[%emt 0:00:09]} Qd7 {[%emt 0:01:03]} 32. Ke2 {[%emt 0:00:43]} h5 {[%emt 0:01:49]} 33. Qd3 {[%emt 0:01:13]} Kf7 {[%emt 0:00:09]} 34. Kf1 {[%emt 0:00:43]} a5 {[%emt 0:01:50]} 35. Kg2 {[%emt 0:00:18]} a4 {[%emt 0:00:08]} 36. bxa4 {[%emt 0:00:53]} bxa4 {[%emt 0:00:03]} 37. Qc2 {[%emt 0:00:31]} Qb5 {[%emt 0:02:03]} 38. Qd2 {[%emt 0:01:27]} Qc4 {[%emt 0:00:48]} 39. Bc3 {[%emt 0:00:39]} a3 {[%emt 0:05:06]} 40. Ba1 {[%emt 0:00:00]} g5 {[%emt 0:00:00]} 41. hxg5 {[%emt 0:21:06]} fxg5 {[%emt 0:06:24]} 42. Bd4 {[%emt 0:01:58]} Ke8 {[%emt 0:07:59]} 43. f4 {[%emt 0:03:04]} gxf4 {[%emt 0:02:19]} 44. Qxf4 {[%emt 0:00:21]} Qxa2 {[%emt 0:00:44]} 45. Qb8+ {[%emt 0:00:46]} Kd7 {[%emt 0:00:19]} 46. Qb7+ {[%emt 0:02:57]} Ke6 {[%emt 0:00:21]} 47. Qc6+ {[%emt 0:00:06]} Kf7 {[%emt 0:00:04]} 48. Qd7 {[%emt 0:00:07]} Qc4 {[%emt 0:01:18]} 49. Qf5+ {[%emt 0:01:06]} Ke8 {[%emt 0:00:03]} 50. Qxh5+ {[%emt 0:00:08]} Kd8 {[%emt 0:01:55]} 51. Qe5 {[%emt 0:01:33]} Kd7 {[%emt 0:02:31]} 52. g4 {[%emt 0:01:46]} a2 {[%emt 0:03:30]} 53. Qf5+ {[%emt 0:01:17]} Kd8 {[%emt 0:00:49]} 54. Qe5 {[%emt 0:00:24]} Kd7 {[%emt 0:06:06]} 55. Qf5+ {[%emt 0:00:13]} Kc6 {[%emt 0:03:43]} 56. Qg6+ {[%emt 0:00:55]} Bd6 {[%emt 0:01:53]} 57. Qf6 {[%emt 0:00:11]} Kb5 {[%emt 0:02:03]} 58. g5 {[%emt 0:01:04]} Bc5 {[%emt 0:00:04]} 59. Bxc5 {[%emt 0:00:58]} Kxc5 {[%emt 0:00:32]} 60. g6 {[%emt 0:00:23]} Qe4+ {[%emt 0:02:09]} 61. Kh2 {[%emt 0:00:22]} d4 {[%emt 0:02:36]} 62. Qf8+ {[%emt 0:00:25]} Kb5 {[%emt 0:01:51]} 63. Qb8+ {[%emt 0:00:31]} Ka4 {[%emt 0:01:23]} 64. Qa7+ {[%emt 0:00:10]} Kb3 {[%emt 0:00:06]} 65. g7 {[%emt 0:00:11]} Qf4+ {[%emt 0:01:23]} 66. Kg2 {[%emt 0:00:14]} Qg5+ {[%emt 0:00:23]} 67. Kf3 {[%emt 0:01:27]} Qd5+ {[%emt 0:01:14]} 68. Kg3 {[%emt 0:00:21]} d3 {[%emt 0:01:35]} 69. Qb8+ {[%emt 0:00:30]} Kc2 {[%emt 0:00:02]} 70. Qc8+ {[%emt 0:00:18]} Kd2 {[%emt 0:00:31]} 71. g8=Q {[%emt 0:00:24]} Qe5+ {[%emt 0:01:31]} 72. Kg2 {[%emt 0:00:52]} a1=Q {[%emt 0:00:17]} 73. Qcc4 {[%emt 0:00:21]} Qab2 {[%emt 0:02:04]} 74. Qa2 {[%emt 0:01:02]} Qe4+ {[%emt 0:01:31]} 75. Kg1 {[%emt 0:00:20]} Qxa2 {[%emt 0:03:00]} 76. Qxa2+ {[%emt 0:00:07]} Ke1 {[%emt 0:00:02]} 77. Qb1+ {[%emt 0:01:01]} Ke2 {[%emt 0:00:03]} 78. Qf1+ {[%emt 0:00:34]} Kd2 {[%emt 0:00:05]} 79. Qh3 {[%emt 0:00:14]} Kc2 {[%emt 0:02:14]} 80. Qc8+ {[%emt 0:00:36]} Kd1 {[%emt 0:00:04]} 81. Qg8 {[%emt 0:00:39]} Ke1 {[%emt 0:01:03]} 82. Qg3 {[%emt 0:00:30]} Ke2 {[%emt 0:00:26]} 83. Qh3 0-1

[Event "ROU-chT 1st League 2019"]
[Site "Mamaia"]
[Date "2019.09.21"]
[Round "1.12"]
[White "Costachi, Mihnea"]
[Black "Micu, Iulian"]
[Result "1-0"]
[WhiteElo "2463"]
[BlackElo "2165"]
[Annotator "ChessBase"]
[PlyCount "69"]
[EventDate "2019.09.21"]
[EventType "team-tourn"]
[EventCountry "ROU"]
[SourceTitle "playchess.com"]
[Source "ChessBase"]
[SourceQuality "1"]
[TimeControl "40/5400+30:1800+30"]

1. d4 {[%emt 0:00:00]} Nf6 {[%emt 0:00:00]} 2. c4 {[%emt 0:00:30]} g6 {[%emt 0:00:00]} 3. Nc3 {[%emt 0:00:09]} Bg7 {[%emt 0:00:00]} 4. e4 {[%emt 0:00:34]} d6 {[%emt 0:00:00]} 5. Be2 {[%emt 0:00:05]} O-O {[%emt 0:00:19]} 6. Bg5 {[%emt 0:00:04]} Na6 {[%emt 0:01:53]} 7. Qd2 {[%emt 0:00:32]} c6 {[%emt 0:05:50]} 8. f3 {[%emt 0:08:49]} e5 {[%emt 0:08:10]} 9. d5 {[%emt 0:00:09]} cxd5 {[%emt 0:08:06]} 10. cxd5 {[%emt 0:00:25]} Bd7 {[%emt 0:01:44]} 11. Bxa6 {[%emt 0:00:35]} bxa6 {[%emt 0:00:09]} 12. Nge2 {[%emt 0:00:04]} Qb6 {[%emt 0:02:52]} 13. Be3 {[%emt 0:00:13]} Qb7 {[%emt 0:00:25]} 14. O-O {[%emt 0:00:39]} Nh5 {[%emt 0:01:17]} 15. g4 {[%emt 0:01:33]} Nf6 {[%emt 0:01:46]} 16. Ng3 {[%emt 0:04:06]} Rfc8 {[%emt 0:00:24]} 17. Rac1 {[%emt 0:01:47]} Ne8 {[%emt 0:04:09]} 18. Rc2 {[%emt 0:05:01]} Bf6 {[%emt 0:07:15]} 19. Kh1 {[%emt 0:08:19]} Bd8 {[%emt 0:02:14]} 20. Rfc1 {[%emt 0:02:38]} Ba5 {[%emt 0:04:20]} 21. Qf2 {[%emt 0:02:11]} Rc7 {[%emt 0:06:21]} 22. h4 {[%emt 0:03:32]} Rac8 {[%emt 0:06:11]} 23. h5 {[%emt 0:04:00]} Bb6 {[%emt 0:00:35]} 24. Kg2 {[%emt 0:02:39]} Ng7 {[%emt 0:07:02]} 25. Rh1 {[%emt 0:03:42]} f5 {[%emt 0:13:46]} 26. Bxb6 {[%emt 0:03:36]} axb6 {[%emt 0:01:52]} 27. gxf5 {[%emt 0:02:46]} gxf5 {[%emt 0:00:25]} 28. h6 {[%emt 0:00:04]} f4 {[%emt 0:00:49]} 29. Nf1 {[%emt 0:05:28]} Ne8 {[%emt 0:06:15]} 30. Kh2 {[%emt 0:00:46]} Bb5 {[%emt 0:01:08]} 31. Qh4 {[%emt 0:01:27]} Bxf1 {[%emt 0:04:33]} 32. Rxf1 {[%emt 0:04:25]} Rf7 {[%emt 0:00:16]} 33. Rg1+ {[%emt 0:00:53]} Kf8 {[%emt 0:00:25]} 34. Rcg2 {[%emt 0:00:24]} Nf6 {[%emt 0:00:20]} 35. Qxf6 {[%emt 0:00:13]} 1-0

[Event "ROU-chT 1st League 2019"]
[Site "Mamaia"]
[Date "2019.09.21"]
[Round "1.13"]
[White "Istratescu, Andrei"]
[Black "Zubov, Alexander"]
[Result "1/2-1/2"]
[WhiteElo "2556"]
[BlackElo "2612"]
[Annotator "TA"]
[PlyCount "29"]
[EventDate "2019.09.21"]
[EventType "team-tourn"]
[EventCountry "ROU"]
[SourceTitle "playchess.com"]
[Source "ChessBase"]
[SourceQuality "1"]

{[%evp 11,29,11,10,13,8,8,12,7,8,10,36,35,27,28,29,30,31,33,34,28]} 1. e4 c5 2. Nf3 d6 3. Bb5+ Nd7 4. d4 cxd4 5. Qxd4 a6 6. Bxd7+ Bxd7 7. c4 $146 {B51: Sicilian: Moscow Variation (3 Bb5+) without 3...Bd7} (7. Nc3 e5 8. Qd3 Rc8 9. O-O h6 10. Nd2 Be6 11. Rd1 Nf6 12. Nf1 Bc4 13. Qf3 Bxf1 14. Kxf1 Be7 15. Qd3 Rc6 {½-½ (30) Ni,H (2674)-Fedoseev,V (2702) China 2019}) 7... b5 8. Nc3 e5 9. Qd3 {The position is equal.} bxc4 10. Qxc4 Qc8 11. Qd3 Be6 12. b3 h6 13. O-O Nf6 14. Ba3 Qb7 15. Nd2 ({Don't go for} 15. Bxd6 $2 Rd8 $19) 1/2-1/2

[Event "ROU-chT 1st League 2019"]
[Site "Mamaia"]
[Date "2019.09.21"]
[Round "1.14"]
[White "Sivuk, Vitaly"]
[Black "Aczel, Gergely"]
[Result "1-0"]
[WhiteElo "2559"]
[BlackElo "2530"]
[Annotator "ChessBase"]
[PlyCount "63"]
[EventDate "2019.09.21"]
[EventType "team-tourn"]
[EventCountry "ROU"]
[SourceTitle "playchess.com"]
[Source "ChessBase"]
[SourceQuality "1"]
[TimeControl "40/5400+30:1800+30"]

1. d4 {[%emt 0:00:00]} Nf6 {[%emt 0:00:00]} 2. c4 {[%emt 0:00:00]} e6 {[%emt 0:00:00]} 3. Nc3 {[%emt 0:00:00]} Bb4 {[%emt 0:00:00]} 4. Qc2 {[%emt 0:00:08]} O-O {[%emt 0:00:00]} 5. e4 {[%emt 0:00:12]} d6 {[%emt 0:00:11]} 6. e5 {[%emt 0:00:13]} dxe5 {[%emt 0:00:42]} 7. dxe5 {[%emt 0:00:07]} Ng4 {[%emt 0:00:08]} 8. Nf3 {[%emt 0:00:11]} Nc6 {[%emt 0:00:59]} 9. Bf4 {[%emt 0:00:50]} Nd4 {[%emt 0:03:19]} 10. Qd2 {[%emt 0:00:25]} f6 {[%emt 0:38:40]} 11. O-O-O {[%emt 0:06:43]} c5 {[%emt 0:00:15]} 12. Bg3 {[%emt 0:18:45]} Qa5 {[%emt 0:21:18]} 13. exf6 {[%emt 0:03:13]} Nxf6 {[%emt 0:00:44]} 14. Nxd4 {[%emt 0:02:18]} cxd4 {[%emt 0:00:02]} 15. Qxd4 {[%emt 0:00:09]} Bxc3 {[%emt 0:00:33]} 16. Qxc3 {[%emt 0:00:19]} Qxa2 {[%emt 0:00:11]} 17. Bd3 {[%emt 0:02:39]} Bd7 {[%emt 0:02:20]} 18. Bb1 {[%emt 0:03:34]} Qa1 {[%emt 0:01:17]} 19. Be5 {[%emt 0:03:15]} Be8 {[%emt 0:06:36]} 20. b3 {[%emt 0:04:35]} Qa3+ {[%emt 0:11:40]} 21. Qb2 {[%emt 0:00:54]} Qa5 {[%emt 0:00:05]} 22. Rhe1 {[%emt 0:05:12]} Rc8 {[%emt 0:01:08]} 23. Bd6 {[%emt 0:02:44]} b5 {[%emt 0:05:12]} 24. Bxf8 {[%emt 0:05:49]} Kxf8 {[%emt 0:00:02]} 25. Rxe6 {[%emt 0:01:14]} bxc4 {[%emt 0:00:01]} 26. b4 {[%emt 0:01:48]} Qh5 {[%emt 0:01:44]} 27. Qe5 {[%emt 0:02:58]} Qh6+ {[%emt 0:00:39]} 28. f4 {[%emt 0:01:05]} Ba4 {[%emt 0:03:50]} 29. Rdd6 {[%emt 0:03:14]} Re8 {[%emt 0:01:34]} 30. Rxf6+ {[%emt 0:00:37]} gxf6 {[%emt 0:00:07]} 31. Rxf6+ {[%emt 0:00:05]} Kg7 {[%emt 0:00:04]} 32. Rxh6+ {[%emt 0:00:08]} 1-0

[Event "ROU-chT 1st League 2019"]
[Site "Mamaia"]
[Date "2019.09.21"]
[Round "1.15"]
[White "Miron, Lucian-Costin"]
[Black "Georgescu, Tiberiu-Marian"]
[Result "1/2-1/2"]
[WhiteElo "2490"]
[BlackElo "2508"]
[Annotator "ChessBase"]
[PlyCount "134"]
[EventDate "2019.09.21"]
[EventType "team-tourn"]
[EventCountry "ROU"]
[SourceTitle "playchess.com"]
[Source "ChessBase"]
[SourceQuality "1"]
[TimeControl "40/5400+30:1800+30"]

1. e4 {[%emt 0:00:00]} e5 {[%emt 0:00:00]} 2. Nf3 {[%emt 0:00:00]} Nc6 {[%emt 0:00:00]} 3. Bb5 {[%emt 0:00:00]} Nf6 {[%emt 0:00:04]} 4. O-O {[%emt 0:00:00]} Nxe4 {[%emt 0:00:41]} 5. Re1 {[%emt 0:00:20]} Nd6 {[%emt 0:00:25]} 6. Nxe5 {[%emt 0:00:14]} Be7 {[%emt 0:00:31]} 7. Bf1 {[%emt 0:00:06]} Nxe5 {[%emt 0:01:06]} 8. Rxe5 {[%emt 0:00:10]} O-O {[%emt 0:00:04]} 9. d4 {[%emt 0:00:08]} Ne8 {[%emt 0:00:52]} 10. d5 {[%emt 0:00:11]} Bc5 {[%emt 0:00:22]} 11. Re1 {[%emt 0:00:05]} d6 {[%emt 0:00:45]} 12. Nc3 {[%emt 0:00:06]} Bf5 {[%emt 0:01:58]} 13. Bd3 {[%emt 0:00:06]} Bxd3 {[%emt 0:02:48]} 14. Qxd3 {[%emt 0:00:41]} Nf6 {[%emt 0:01:23]} 15. h3 {[%emt 0:00:51]} h6 {[%emt 0:04:33]} 16. Bd2 {[%emt 0:15:41]} Qd7 {[%emt 0:17:14]} 17. Ne4 {[%emt 0:02:57]} Nxe4 {[%emt 0:05:23]} 18. Rxe4 {[%emt 0:00:18]} Rae8 {[%emt 0:12:10]} 19. Rae1 {[%emt 0:01:31]} Rxe4 {[%emt 0:17:35]} 20. Qxe4 {[%emt 0:00:34]} c6 {[%emt 0:04:06]} 21. c4 {[%emt 0:40:41]} cxd5 {[%emt 0:00:02]} 22. cxd5 {[%emt 0:01:22]} b5 {[%emt 0:00:59]} 23. Bc3 {[%emt 0:05:17]} a5 {[%emt 0:01:20]} 24. b3 {[%emt 0:00:46]} Rc8 {[%emt 0:05:43]} 25. Qf3 {[%emt 0:12:41]} Qa7 26. Bb2 {[%emt 0:08:12]} Rf8 {[%emt 0:20:32]} 27. Re4 {[%emt 0:03:09]} Qd7 {[%emt 0:01:09]} 28. Bf6 {[%emt 0:03:09]} gxf6 {[%emt 0:01:39]} 29. Qxf6 {[%emt 0:00:09]} Re8 {[%emt 0:00:18]} 30. Rg4+ {[%emt 0:00:25]} Qxg4 {[%emt 0:00:02]} 31. hxg4 {[%emt 0:00:06]} Re2 {[%emt 0:01:10]} 32. a4 {[%emt 0:03:01]} bxa4 {[%emt 0:00:26]} 33. bxa4 {[%emt 0:00:01]} Rxf2 {[%emt 0:00:30]} 34. Qd8+ {[%emt 0:00:04]} Kh7 {[%emt 0:00:23]} 35. Qxa5 {[%emt 0:00:13]} Rd2+ {[%emt 0:00:42]} 36. Kh2 {[%emt 0:00:47]} Rxd5 {[%emt 0:00:17]} 37. Qd8 {[%emt 0:03:04]} Kg7 {[%emt 0:00:42]} 38. a5 {[%emt 0:00:21]} Be3 {[%emt 0:00:32]} 39. a6 {[%emt 0:01:30]} h5 {[%emt 0:00:21]} 40. Kh3 {[%emt 0:00:00]} hxg4+ {[%emt 0:00:00]} 41. Kxg4 {[%emt 0:04:11]} Bc5 {[%emt 0:05:39]} 42. Qa5 {[%emt 0:04:14]} Rd4+ {[%emt 0:02:42]} 43. Kh3 {[%emt 0:00:51]} Rd3+ {[%emt 0:11:17]} 44. g3 {[%emt 0:01:46]} Re3 {[%emt 0:00:37]} 45. a7 {[%emt 0:00:20]} Bxa7 {[%emt 0:00:07]} 46. Qxa7 {[%emt 0:00:03]} Re6 {[%emt 0:00:07]} 47. Qd7 {[%emt 0:00:06]} Rh6+ {[%emt 0:01:07]} 48. Kg4 {[%emt 0:00:09]} Rg6+ {[%emt 0:00:11]} 49. Kf4 {[%emt 0:00:10]} Rf6+ {[%emt 0:00:43]} 50. Ke4 {[%emt 0:00:06]} Re6+ {[%emt 0:00:26]} 51. Kd5 {[%emt 0:00:11]} Rg6 {[%emt 0:00:18]} 52. g4 {[%emt 0:04:21]} Re6 {[%emt 0:00:04]} 53. Qa4 {[%emt 0:00:13]} Rg6 {[%emt 0:01:18]} 54. Qf4 {[%emt 0:00:05]} Re6 {[%emt 0:02:25]} 55. Qd4+ {[%emt 0:00:01]} Kh7 {[%emt 0:00:23]} 56. Kc6 {[%emt 0:00:05]} Rg6 {[%emt 0:00:39]} 57. Kd7 {[%emt 0:01:10]} Kg8 {[%emt 0:00:10]} 58. Qf4 {[%emt 0:00:17]} Kg7 {[%emt 0:00:13]} 59. g5 {[%emt 0:01:07]} Kg8 {[%emt 0:00:50]} 60. Ke8 {[%emt 0:00:38]} Re6+ {[%emt 0:00:05]} 61. Kd8 {[%emt 0:00:04]} Rg6 {[%emt 0:00:21]} 62. Kd7 {[%emt 0:00:04]} Kg7 {[%emt 0:00:13]} 63. Qf5 {[%emt 0:00:10]} Re6 {[%emt 0:00:43]} 64. Qd5 {[%emt 0:00:07]} Rg6 {[%emt 0:00:53]} 65. Qa5 {[%emt 0:00:43]} Re6 {[%emt 0:00:20]} 66. Qa1+ {[%emt 0:00:04]} Kg8 {[%emt 0:00:39]} 67. Qb1 {[%emt 0:00:03]} Kg7 {[%emt 0:01:00]} 1/2-1/2

[Event "ROU-chT 1st League 2019"]
[Site "Mamaia"]
[Date "2019.09.21"]
[Round "1.16"]
[White "David, Alexandru-Vasile"]
[Black "Murariu, Andrei"]
[Result "1-0"]
[WhiteElo "2424"]
[BlackElo "2495"]
[Annotator "ChessBase"]
[PlyCount "77"]
[EventDate "2019.09.21"]
[EventType "team-tourn"]
[EventCountry "ROU"]
[SourceTitle "playchess.com"]
[Source "ChessBase"]
[SourceQuality "1"]
[TimeControl "40/5400+30:1800+30"]

1. d4 {[%emt 0:04:18]} d5 {[%emt 0:00:00]} 2. Bf4 {[%emt 0:00:16]} Nf6 {[%emt 0:01:13]} 3. e3 {[%emt 0:00:07]} c5 {[%emt 0:01:50]} 4. dxc5 {[%emt 0:00:06]} Nc6 {[%emt 0:00:52]} 5. Bb5 {[%emt 0:00:34]} Ne4 {[%emt 0:04:14]} 6. b4 {[%emt 0:04:40]} a5 {[%emt 0:10:57]} 7. f3 {[%emt 0:05:50]} e5 {[%emt 0:05:05]} 8. Bxe5 {[%emt 0:24:25]} Nf6 {[%emt 0:19:29]} 9. c3 {[%emt 0:03:52]} Be7 {[%emt 0:03:43]} 10. Ne2 {[%emt 0:01:11]} O-O {[%emt 0:01:39]} 11. Bxc6 {[%emt 0:02:16]} bxc6 {[%emt 0:00:06]} 12. O-O {[%emt 0:01:50]} Ba6 {[%emt 0:02:33]} 13. Re1 {[%emt 0:03:39]} Nd7 {[%emt 0:01:27]} 14. Bd4 {[%emt 0:00:57]} Bh4 {[%emt 0:07:05]} 15. g3 {[%emt 0:02:47]} Bg5 {[%emt 0:00:34]} 16. Nd2 {[%emt 0:07:03]} Qb8 {[%emt 0:08:37]} 17. a3 {[%emt 0:01:39]} Re8 {[%emt 0:00:25]} 18. f4 {[%emt 0:01:28]} Bd8 {[%emt 0:00:24]} 19. Nf3 {[%emt 0:01:09]} f5 {[%emt 0:04:41]} 20. Be5 {[%emt 0:01:33]} Nxe5 {[%emt 0:00:22]} 21. Nxe5 {[%emt 0:00:29]} Rxe5 {[%emt 0:00:22]} 22. fxe5 {[%emt 0:02:36]} Qxe5 {[%emt 0:00:06]} 23. Nd4 {[%emt 0:00:51]} Qf6 {[%emt 0:02:38]} 24. Qf3 {[%emt 0:05:58]} Bd3 {[%emt 0:02:54]} 25. Qf4 {[%emt 0:00:04]} a4 {[%emt 0:04:38]} 26. Rad1 {[%emt 0:02:16]} Be4 {[%emt 0:00:30]} 27. Qd6 {[%emt 0:02:44]} Rc8 {[%emt 0:10:42]} 28. Qd7 {[%emt 0:01:47]} Rc7 {[%emt 0:00:09]} 29. Qe8+ {[%emt 0:00:05]} Qf8 {[%emt 0:00:04]} 30. Qxf8+ {[%emt 0:00:02]} Kxf8 {[%emt 0:00:04]} 31. Ne6+ {[%emt 0:00:05]} Ke8 {[%emt 0:00:12]} 32. Nxd8 {[%emt 0:01:02]} Kxd8 {[%emt 0:00:05]} 33. c4 {[%emt 0:00:05]} Kd7 {[%emt 0:01:46]} 34. Rd4 {[%emt 0:02:55]} Ke6 {[%emt 0:00:48]} 35. Rc1 {[%emt 0:00:33]} dxc4 {[%emt 0:00:46]} 36. Rd6+ {[%emt 0:00:18]} Ke5 {[%emt 0:00:06]} 37. Rxc4 {[%emt 0:00:05]} g5 {[%emt 0:00:26]} 38. Rcd4 {[%emt 0:00:42]} Bd5 {[%emt 0:03:58]} 39. b5 {[%emt 0:02:00]} 1-0